Southville International School and Colleges
Your cart is empty.
  • Cart
  • Lists
    Public lists Eva Luna New books Lux_list list_1
    Your lists Log in to create your own lists
  • Log in to your account
  • Your cookies
  • Search history
Southville International School and Colleges
  • Advanced search
  • Recent comments
  • Most popular
  • Libraries

Log in to your account

Log in with GOOGLE


If you do not have an external account, but do have a local account, you can still log in:

  1. Home
  2. MARC view: Clinical Chemistry :
Normal view MARC view ISBD view

Clinical Chemistry : (Record no. 22030)

[ view plain ]
MARC details
000 -LEADER
fixed length control field 00606nam a2200217 a 4500
005 - DATE AND TIME OF LATEST TRANSACTION
control field 20140310183349.0
008 - FIXED-LENGTH DATA ELEMENTS--GENERAL INFORMATION
fixed length control field 070208s19uu xx 00 eng d
020 ## - INTERNATIONAL STANDARD BOOK NUMBER
International Standard Book Number 0781746116
050 ## - LIBRARY OF CONGRESS CALL NUMBER
Classification number RB 40
Item number .C576 2005
100 ## - MAIN ENTRY--PERSONAL NAME
Personal name Bishop, Michael L.
245 ## - TITLE STATEMENT
Title Clinical Chemistry :
Remainder of title principles, procedures, correlations.
250 ## - EDITION STATEMENT
Edition statement 5th ed.
260 ## - PUBLICATION, DISTRIBUTION, ETC. (IMPRINT)
Place of publication, distribution, etc Philadelphia :
Name of publisher, distributor, etc Lippincott Williams&Wilkins,
Date of publication, distribution, etc 2005.
300 ## - PHYSICAL DESCRIPTION
Extent 730 p. :
Other physical details ill. ;
Dimensions 28 cm.
521 ## - TARGET AUDIENCE NOTE
Target audience note
650 ## - SUBJECT ADDED ENTRY--TOPICAL TERM
Topical term or geographic name as entry element Chemistry.
700 ## - ADDED ENTRY--PERSONAL NAME
Personal name Fody, Edward P.
700 ## - ADDED ENTRY--PERSONAL NAME
Personal name Schoeff, Larry E.
942 ## - ADDED ENTRY ELEMENTS (KOHA)
Koha item type Books
Source of classification or shelving scheme Library of Congress Classification
Call number prefix Foreign
Holdings
Withdrawn status Lost status Source of classification or shelving scheme Damaged status Home library Current library Shelving location Date acquired Total Checkouts Total Renewals Full call number Barcode Date last seen Date checked out Copy number Price effective from Koha item type
    Library of Congress Classification   College Library College Library General Circulation Section 01/14/2014 2 2 RB 40 .C576 2005 C8348 05/15/2018 06/18/2015 1 01/14/2014 Books

Clinical Chemistry :

APA

Bishop M. L., Fody E. P. & Schoeff L. E. (2005). Clinical Chemistry. Philadelphia: Lippincott Williams&Wilkins.

Chicago

Bishop Michael L, Fody Edward P and Schoeff Larry E. 2005. Clinical Chemistry. Philadelphia: Lippincott Williams&Wilkins.

Harvard

Bishop M. L., Fody E. P. and Schoeff L. E. (2005). Clinical Chemistry. Philadelphia: Lippincott Williams&Wilkins.

MLA

Bishop Michael L, Fody Edward P and Schoeff Larry E. Clinical Chemistry. Philadelphia: Lippincott Williams&Wilkins. 2005.

  • Place hold
  • Print
  • Cite
  • Add to your cart (remove)
  • Save record
    BIBTEX Dublin Core MARCXML MARC (non-Unicode/MARC-8) MARC (Unicode/UTF-8) MARC (Unicode/UTF-8, Standard) MODS (XML) RIS
  • More searches
    Search for this title in:
    Other Libraries (WorldCat) Other Databases (Google Scholar) Online Stores (Bookfinder.com) Open Library (openlibrary.org)

Exporting to Dublin Core...

SOUTHVILLE LIBRARY

Southville International School and Colleges Library

1281 Tropical Ave. Cor. Luxembourg St., BF Homes International, Las Pinas City

Tel. No. 8256374 / 252358 Loc. 117/146

Powered by Koha